Statistiques concernant Cours d'italien 2 - Prendre congé

Cliquez ici pour prendre le quiz!

Statistiques générales

  • Ce quiz a été pris 28 fois
  • Le résultat moyen est 2 sur 13

Statistiques - réponses

FranceseItaliano% Correct
Salut !Ciao
83%
A demainA domani
78%
Oui, le voilàSi, eccolo
33%
Il est tard ! Je dois y aller !E tardi ! Devo andare !
22%
Est-ce que tu as un numéros de téléphone ?Hai un numero di telefono ?
11%
J'habite à cette adresseAbito a quest'indirizzo
6%
Au revoir !Arriverderci
6%
Je l'espère aussiLo spero anch'io
6%
Moi aussi, ça m'a fait plaisir de faire ta connaissanceAnch'io, mi ha fatto piacere incontrarti
0%
Pourrait-on se revoir ?Ci rivedermo ?
0%
Nous nous reverrons bientôtCi rivedremo presto
0%
J'ai passé un bon moment avec toiHo trascorso un momento piacevole con te
0%
Oui, avec plaisirSi, certamente
0%

Distribution des résultats

Percentile par nombre de réponses

% des personnes avec chaque résultat

Votre développement - résultats

Vous n’avez pas pris ce quiz